[Event "St Petersburg Botvinnik 100 op"]
[Site "St Petersburg"]
[Date "2011.08.16"]
[Round "5"]
[White "Rykov, Ivan S"]
[Black "Sieghardt, Walter"]
[Result "1-0"]
[WhiteElo "1759"]
[BlackElo "1681"]
[PlyCount "43"]
[EventDate "2011.08.12"]
[EventType "swiss"]
[EventRounds "9"]
[EventCountry "RUS"]
[SourceTitle "CBM 143 Extra"]
[Source "ChessBase"]
[SourceDate "2011.08.29"]
[SourceVersion "1"]
[SourceVersionDate "2011.08.29"]
[SourceQuality "1"]

1. d4 d5 2. c4 e6 3. Nc3 Nf6 4. Nf3 Be7 5. Bf4 c6 6. e3 0-0 7. Bd3 h6 8. 0-0 Na6 9. a3 dxc4 10. Bxc4 Nc7 11. e4 b6 12. Qe2 Bb7 13. Rfd1 Qc8 14. Rac1 Rd8 15. d5 cxd5 16. exd5 Bxd5 17. Bxd5 Nfxd5 18. Nxd5 Rxd5 19. Rxd5 Nxd5 20. Rxc8+ Rxc8 21. Be3 Nxe3 22. Qxe3 1-0

[Event "Merano Cup Gold 37th"]
[Site "Merano"]
[Date "2009.04.25"]
[Round "9"]
[White "Winter, Rudolf"]
[Black "Sieghardt, Walter"]
[Result "1/2-1/2"]
[WhiteElo "1879"]
[BlackElo "1705"]
[PlyCount "71"]
[EventDate "2009.04.17"]
[EventType "swiss"]
[EventRounds "9"]
[EventCountry "ITA"]
[SourceTitle "EXT 2019"]
[Source "ChessBase"]
[SourceDate "2018.10.10"]
[SourceVersion "1"]
[SourceVersionDate "2018.10.10"]
[SourceQuality "1"]

1. d4 d5 2. Nf3 e6 3. e3 c5 4. c3 cxd4 5. exd4 a6 6. Bd3 Nc6 7. 0-0 Be7 8. Bf4 Nf6 9. Nbd2 0-0 10. Ne5 h6 11. h3 Bd6 12. Bg3 Re8 13. f4 Qc7 14. Bh4 Be7 15. Bxf6 Bxf6 16. Qg4 Qe7 17. Ndf3 Bxe5 18. fxe5 Rf8 19. Nh4 Qg5 20. Rf3 Qxg4 21. hxg4 g5 22. Rf6 gxh4 23. Rxh6 Bd7 24. Rf6 Kg7 25. Raf1 Rae8 26. g5 Ne7 27. R1f4 Ng6 28. Rf3 Bb5 29. Bc2 Be2 30. Rf2 Bh5 31. Kh2 Bg4 32. Bd3 b5 33. a4 Rb8 34. axb5 axb5 35. Kg1 Bd1 36. Kh2 1/2-1/2

[Event "Bad Woerishofen Seniors opA 22th"]
[Site "Bad Woerishofen"]
[Date "2006.03.23"]
[Round "7"]
[White "Disselberger, Alfons"]
[Black "Sieghardt, Walter"]
[Result "1/2-1/2"]
[WhiteElo "1224"]
[BlackElo "1477"]
[PlyCount "94"]
[EventDate "2006.03.17"]
[EventType "swiss"]
[EventRounds "9"]
[EventCountry "GER"]
[SourceTitle "EXT 2022"]
[Source "ChessBase"]
[SourceDate "2021.10.06"]
[SourceVersion "1"]
[SourceVersionDate "2021.10.06"]
[SourceQuality "1"]

1. e4 e6 2. d4 d5 3. Nc3 Nf6 4. exd5 Nxd5 5. Nge2 Bb4 6. a3 Bxc3+ 7. bxc3 h6 8. c4 Nf6 9. Ng3 c6 10. Qd2 b6 11. Bb2 0-0 12. Be2 Bb7 13. Bf3 Nbd7 14. 0-0 Qc7 15. a4 Rfd8 16. Qc3 Rac8 17. Ba3 c5 18. d5 exd5 19. cxd5 Nxd5 20. Bxd5 Bxd5 21. Rfe1 Nf6 22. Bb2 Qc6 23. f3 Re8 24. Rxe8+ Rxe8 25. a5 b5 26. Qd2 Bc4 27. Bxf6 Qxf6 28. Rd1 b4 29. Ne4 Qa6 30. Qd7 Bb5 31. Qc7 Rc8 32. Qd6 Qxa5 33. Qe5 Ba4 34. Ra1 Qb5 35. Nd6 Re8 36. Qxe8+ Qxe8 37. Nxe8 Bxe8 38. Rxa7 Bb5 39. Ra5 Be2 40. Rxc5 Bd1 41. Kf2 b3 42. cxb3 Bxb3 43. f4 g6 44. g4 Kg7 45. Ke3 Bd1 46. g5 hxg5 47. fxg5 Kf8 1/2-1/2

[Event "Bad Woerishofen Seniors op 21st"]
[Site "Bad Woerishofen"]
[Date "2005.03.08"]
[Round "6"]
[White "Miessner, Rolf"]
[Black "Sieghardt, Walter"]
[Result "1/2-1/2"]
[WhiteElo "1765"]
[BlackElo "1513"]
[PlyCount "65"]
[EventDate "2005.03.03"]
[EventType "swiss"]
[EventRounds "9"]
[EventCountry "GER"]
[SourceTitle "EXT 2006"]
[Source "ChessBase"]
[SourceDate "2005.11.24"]
[SourceVersion "1"]
[SourceVersionDate "2005.11.24"]
[SourceQuality "1"]

1. e4 e6 2. d4 d5 3. Nd2 c5 4. exd5 exd5 5. Ngf3 Nf6 6. Be2 Bd6 7. dxc5 Bxc5 8. 0-0 0-0 9. Nb3 Be7 10. Bg5 Nc6 11. c3 Be6 12. Qc2 h6 13. Bh4 Rc8 14. Rad1 Ne4 15. Bxe7 Qxe7 16. Qb1 Rfd8 17. Nbd4 Rc7 18. Rfe1 Qc5 19. Nd2 Nf6 20. N2b3 Qb6 21. Bf3 Re8 22. Re2 Rce7 23. Rde1 Bg4 24. Rxe7 Rxe7 25. Rxe7 Nxe7 26. Qe1 Kf8 27. Qe2 Be6 28. Qe5 a5 29. Nxe6+ fxe6 30. Qe2 Kf7 31. Nd4 Qd6 32. a4 Nc6 33. Nb5 1/2-1/2

[Event "Bad Woerishofen Seniors op 21st"]
[Site "Bad Woerishofen"]
[Date "2005.03.07"]
[Round "5"]
[White "Gehrmann, Dorit"]
[Black "Sieghardt, Walter"]
[Result "1-0"]
[WhiteElo "1890"]
[BlackElo "1513"]
[PlyCount "75"]
[EventDate "2005.03.03"]
[EventType "swiss"]
[EventRounds "9"]
[EventCountry "GER"]
[SourceTitle "EXT 2006"]
[Source "ChessBase"]
[SourceDate "2005.11.24"]
[SourceVersion "1"]
[SourceVersionDate "2005.11.24"]
[SourceQuality "1"]

1. e4 e6 2. d4 d5 3. Nc3 Nf6 4. e5 Nfd7 5. Qg4 c5 6. Be3 cxd4 7. Bxd4 Nc6 8. Nf3 a6 9. Bd3 Nxd4 10. Qxd4 Bc5 11. Qg4 0-0 12. 0-0 f5 13. exf6 Nxf6 14. Qh4 Be7 15. Qg3 Qe8 16. Qe5 Nd7 17. Qxe6+ Kh8 18. Nxd5 Bd8 19. Qxe8 Rxe8 20. Rfe1 Rf8 21. Ne7 Nf6 22. Nxc8 Rxc8 23. h3 g6 24. Re6 Kg7 25. Rae1 Rc7 26. Ng5 Rd7 27. R6e2 Kh6 28. Ne6 Re8 29. Nxd8 Rexd8 30. Re7 Nd5 31. Rxd7 Rxd7 32. a3 Nf4 33. Re3 g5 34. g3 Nh5 35. Be2 Rd2 36. Bd3 Rd1+ 37. Kg2 Nf6 38. Re7 1-0

[Event "Bad Woerishofen Seniors op 21st"]
[Site "Bad Woerishofen"]
[Date "2005.03.05"]
[Round "3"]
[White "Hennige, Anneliese"]
[Black "Sieghardt, Walter"]
[Result "0-1"]
[WhiteElo "1034"]
[BlackElo "1513"]
[PlyCount "82"]
[EventDate "2005.03.03"]
[EventType "swiss"]
[EventRounds "9"]
[EventCountry "GER"]
[SourceTitle "EXT 2006"]
[Source "ChessBase"]
[SourceDate "2005.11.24"]
[SourceVersion "1"]
[SourceVersionDate "2005.11.24"]
[SourceQuality "1"]

1. e4 e6 2. Nf3 c5 3. Nc3 a6 4. Bd3 Nc6 5. 0-0 b5 6. Ne2 c4 7. Bxc4 bxc4 8. c3 Bc5 9. Qa4 Na5 10. Ned4 Bb7 11. Re1 Ne7 12. Ne5 Bxd4 13. cxd4 Nec6 14. Nxc4 Nxc4 15. Qxc4 0-0 16. d5 Na5 17. Qc5 d6 18. Qd4 e5 19. Qc3 Rc8 20. Qd3 Qb6 21. Rb1 Ba8 22. b4 Nc4 23. Qe2 Qb5 24. d3 Nb6 25. Be3 Na4 26. Bd2 Rc2 27. Rbc1 Rfc8 28. Red1 Nb2 29. Rxc2 Rxc2 30. Rc1 Rxc1+ 31. Bxc1 Nxd3 32. Bd2 Nb2 33. Qg4 Qe8 34. Bh6 Qf8 35. Be3 Nc4 36. Bc1 Bb7 37. h4 Bc8 38. Qe2 Nb6 39. h5 f5 40. exf5 Qxf5 41. g4 Qxg4+ 0-1

[Event "Merano Gold Cup 32nd"]
[Site "Merano"]
[Date "2004.04.23"]
[Round "1"]
[White "Sieghardt, Walter"]
[Black "Josting, Friedel"]
[Result "0-1"]
[WhiteElo "1542"]
[BlackElo "2035"]
[PlyCount "78"]
[EventDate "2004.04.23"]
[EventType "swiss"]
[EventRounds "9"]
[EventCountry "ITA"]
[SourceTitle "EXT 2006"]
[Source "ChessBase"]
[SourceDate "2005.11.24"]
[SourceVersion "1"]
[SourceVersionDate "2005.11.24"]
[SourceQuality "1"]

1. d4 Nf6 2. c4 e6 3. Nf3 c5 4. e3 b6 5. Be2 Bb7 6. Nc3 Be7 7. 0-0 0-0 8. d5 d6 9. e4 exd5 10. exd5 Nbd7 11. b3 Re8 12. Re1 Nf8 13. Bd3 Bc8 14. h3 Ng6 15. Bxg6 hxg6 16. Bb2 Bf5 17. Qd2 Qc7 18. Re3 Bf8 19. Rae1 Rxe3 20. Rxe3 a6 21. Qe1 Rb8 22. Nd2 b5 23. Nce4 Nxe4 24. Nxe4 bxc4 25. Qc3 Bxe4 26. Rxe4 cxb3 27. axb3 Qb7 28. Qd3 Qxb3 29. Qxb3 Rxb3 30. Bc1 Rd3 31. Bf4 Rd1+ 32. Kh2 Rxd5 33. Ra4 Rd4 34. Rxd4 cxd4 35. Bd2 f5 36. Kg3 Kf7 37. Kf3 Ke6 38. Ke2 Be7 39. Ba5 Kd5 0-1

[Event "Bad Griesbach Seniors op 5th"]
[Site "Bad Griesbach"]
[Date "2002.11.28"]
[Round "5"]
[White "Sieghardt, Walter"]
[Black "Bilyavskyy, Borys"]
[Result "1/2-1/2"]
[WhiteElo "1562"]
[BlackElo "1756"]
[PlyCount "38"]
[EventDate "2002.11.24"]
[EventType "swiss"]
[EventRounds "7"]
[EventCountry "GER"]
[SourceTitle "EXT 2006"]
[Source "ChessBase"]
[SourceDate "2005.11.24"]
[SourceVersion "1"]
[SourceVersionDate "2005.11.24"]
[SourceQuality "1"]

1. d4 d5 2. e3 Nf6 3. c4 e6 4. a3 a5 5. Nc3 Be7 6. Nf3 c6 7. b3 Nbd7 8. Bd3 0-0 9. 0-0 Re8 10. Re1 Bd6 11. e4 dxe4 12. Nxe4 Nxe4 13. Bxe4 h6 14. Bb2 Nf6 15. Bc2 Qb6 16. Ne5 Bxe5 17. dxe5 Nh7 18. Qf3 Qc7 19. Qg3 Nf8 1/2-1/2